LEADER 00545nas a2200157 i 4500 001 000000007627 003 CaOOAMICUS 005 20180830125438.0 008 180830n it u0 ita u 040 $aSeMil$bita 245 10$aIsraele racconta /$ccollana a cura di Daniel Lifschitz. 260 $aRoma :$bDehoniane,$c[199.] 300 $av. ;$c19 cm. 700 1 $aLifschitz, Daniel <1937->.$0(OLS)http://semarc/name/3929 996 $6245$aIsraele racconta$9(OLS)http://semarc/title/10199 996 $6260$aRoma :$bDehoniane$9(OLS)http://semarc/publisher/29918 LEADER 00612nam a2200181 i 4500 001 000000226198 003 CaOOAMICUS 005 20140114000000.0 008 140114n it u000 u ita u 013 $a205100 040 $aSeMil$bita 245 10$aSalute uomo. 300 $a302 p. :$bill. 773 0 $tGuida alla prevenzione.$bEd. speciale per il Corriere della Sera.$dMilano : Corriere della Sera, 2008.$g6$w()29295 850 $aSeMil 852 $aSeMil$W1$xVenegono$y1$m3X II 6$j176544$B176544$CSeMilBibl$Z2$F187778 $81 961 $aOmaggio: Altro 996 $6245$aSalute uomo$9(OLS)http://semarc/title/323867